| 000 | 00401nam a2200157Ia 4500 | ||
|---|---|---|---|
| 008 | 230312s9999||||xx |||||||||||||| ||und|| | ||
| 020 | _a0-471-32754-9 | ||
| 082 |
_a004-62 _bMAN-P |
||
| 100 | _aMann Steve | ||
| 245 | 0 | _aProgramming Applications | |
| 260 |
_bRobert Ipsen _aUSA _c2000 |
||
| 300 | _a226 | ||
| 546 | _aEng. | ||
| 650 |
_aComputer _vIntroducing WAP.Wireless Markup Language |
||
| 942 | _cBK | ||
| 999 |
_c3542 _d3542 |
||